Antología de cuentos infantiles / (Registro nro. 7225)

Detalles MARC
000 -LIDER
fixed length control field 00942nam a2200277 a 4500
001 - NÚMERO DE CONTROL
Identificador de número de control 000042775
003 - IDENTIFICACDOR DE NÚMERO DE CONTROL
control field DO-SdBN
005 - DATE AND TIME OF LATEST TRANSACTION
control field 20250217121329.0
007 - CAMPOS FIJOS DE DESCRIPCIÓN FÍSICA
fixed length control field 000042775
008 - ELEMENTOS DE LONGITUD FIJA
fixed length control field 140207s2009 dr 000 0 spa d
020 ## - ISBN
International Standard Book Number 9789945427608
040 ## - FUENTE DE CATALOGACIÓN
Agencia que crea de manera original el registro DO-SdBN
Idioma de catalogación spa
Agencia que realiza la transcripción BPMSU
082 #4 - NÚMERO DE CLASIFICACIÓN DECIMAL DE DEWEY
Classification number RD863.08
Item number A634c 2009
Edition number 22
245 00 - MENCIÓN DE TITULO
Título Antología de cuentos infantiles /
Mención de responsabilidad editora Eleanor Grimaldi Silié
260 ## - PUBLICACIÓN, DISTRIBUCIÓN, ETC. (PIE DE IMPRENTA)
Lugar de publicación, distribución, etc Santo Domingo :
Nombre del editor, distribuidor, etc. Secretaría de Estado de Cultura,
Fecha de publicación, distribución, etc 2009
300 ## - DESCRIPCIÓN FÍSICA
Extensión 146 p. ;
Dimensiones 23 cm.
500 ## - NOTA GENERAL
Nota general Incluye datos biográficos de la compiladora en la solapa de la portada
590 ## - NOTA LOCAL
Texto de la nota local Inventariado, 2025/VM
650 #4 - ENCABEZAMIENTO DE MATERIA--TEMÁTICO
Término temático o nombre geográfico como elemento de entrada Cuentos infantiles dominicanos
Subdivisión de forma Colecciones
650 #4 - ENCABEZAMIENTO DE MATERIA--TEMÁTICO
Término temático o nombre geográfico como elemento de entrada Literatura infantil dominicana
700 1# - ASIENTO SECUNDARIO -- NOMBRE PERSONAL
Nombre personal Grimaldi Silié, Eleanor
Fechas asociadas con el nombre 1948-
710 1# - ASIENTO SECUNDARIO -- NOMBRE CORPORATIVO
Nombre corporativo o de jurisdicción República Dominicana.
Unidad subordinada Secretaria de Estado de Cultura
910 ## - VALIDACIÓN
Validación VMateo V. Control de calidad. BPMSU
942 ## - ADDED ENTRY ELEMENTS (KOHA)
Source of classification or shelving scheme Dewey Decimal Classification
Koha item type Libros
945 ## - INFORMACIÓN DE PROCESAMIENTO LOCAL
Información de procesamiento local
Existencias
Withdrawn status Lost status Source of classification or shelving scheme Damaged status Not for loan Collection code Home library Current library Date acquired Total Checkouts Full call number Barcode Date last seen Price effective from Koha item type Copy number
    Dewey Decimal Classification     Colección Infantil Dominicana Biblioteca Pública Metropolitana Salomé Ureña Biblioteca Pública Metropolitana Salomé Ureña 01/27/2015   BPMSU CDI RD863.08 A634c 2009 BPMSU15040741 01/27/2015 01/27/2015 Libros  
    Dewey Decimal Classification     Colección Infantil Dominicana Biblioteca Pública Metropolitana Salomé Ureña Biblioteca Pública Metropolitana Salomé Ureña 01/27/2015   BPMSU CDI RD863.08 A634c 2009 BPMSU15040742 01/27/2015 01/27/2015 Libros e.2
    Dewey Decimal Classification     Colección Infantil Dominicana Biblioteca Pública Metropolitana Salomé Ureña Biblioteca Pública Metropolitana Salomé Ureña 01/27/2015   RD863.08 A634c BPMSU15040743 01/27/2015 01/27/2015 Libros e.3